Estudios acerca del derecho de la salud. I /
Guardado en:
| Formato: | Libro |
|---|---|
| Idioma: | Spanish |
| Publicado: |
Ciudad autonoma de Buenos Aires :
La Ley, Departamento de publicaciones UBA,
2014.
|
| Edición: | 1a. ed. |
| Series: | Colección Facultad de Derecho - Derecho Privado y Derecho de Familia
|
| Materias: | |
| Etiquetas: |
Agregar Etiqueta
Sin Etiquetas, Sea el primero en etiquetar este registro!
|
| LEADER | 00720nam a22002055a 4500 | ||
|---|---|---|---|
| 001 | DER.der013712 | ||
| 008 | 180913s2014####ag#####|###|#|######spa|| | ||
| 005 | 20231227135021.0 | ||
| 245 | 1 | 0 | |a Estudios acerca del derecho de la salud. |n I / |c Marisa Aizenberg. |
| 250 | |a 1a. ed. | ||
| 260 | |a Ciudad autonoma de Buenos Aires : |b La Ley, Departamento de publicaciones UBA, |c 2014. | ||
| 300 | |a 456 p. | ||
| 020 | |a 9789870327578 | ||
| 100 | 1 | |a Aizenberg, Marisa, |e dir. | |
| 830 | 0 | |a Colección Facultad de Derecho - Derecho Privado y Derecho de Familia | |
| 650 | 7 | |a OBJECION DE CONCIENCIA | |
| 650 | 7 | |a SALUD MENTAL | |
| 650 | 7 | |a CONSENTIMIENTO INFORMADO | |
| 650 | 7 | |a DERECHO A LA SALUD | |
| 859 | |a DERECHO |b BIB. DERECHO |h 346 |i AIZ |p 007905 | ||
